Number Flash Memory - Statistics

General Stats
  • This quiz has been taken 57 times
  • The average score is 44 of 106
Answer Stats
Hint Answer % Correct
836 8
98%

?

3
96%
42 4
96%

?

6
96%

?

2
94%

?

4
88%

?

4
88%
7344 7
88%

?

3
85%
8424 1 8
79%

?

4
75%

?

1
71%

?

2
71%

?

4
69%

?

5
67%
6358 45 6
67%

?

1
65%

?

3
65%

?

5
65%
8551 62 8
63%

?

8
60%

?

1
58%

?

4
58%
4182 781 4
58%

?

2
56%

?

5
56%

?

5
56%

?

8
56%

?

2
54%

?

6
54%
6413 853 6
54%

?

7
54%

?

1
52%

?

3
52%

?

8
52%

?

1
50%
1248 2217 1
50%

?

2
50%

?

3
50%

?

4
48%

?

4
48%
7438 1254 7
48%

?

8
48%

?

4
46%

?

5
46%

?

8
46%

?

2
44%

?

8
44%

?

2
42%

?

3
42%
8482 5416 8 8
42%

?

1
40%

?

4
40%

?

5
40%

?

7
40%

?

1
38%

?

2
38%

?

2
35%
3672 7677 4 3
35%

?

4
35%

?

8
35%

?

1
33%

?

4
31%

?

5
31%

?

2
29%

?

7
29%

?

7
29%
3841 2578 53 3
27%

?

6
27%

?

6
27%

?

1
25%

?

7
25%

?

8
25%

?

5
23%

?

7
23%

?

2
21%

?

3
21%

?

4
21%

?

5
21%

?

8
21%

?

1
19%
1415 8473 6842 1
19%

?

4
19%
4562 3651 14 4
19%

?

6
19%

?

6
19%

?

1
17%

?

1
17%

?

2
17%

?

4
17%

?

5
17%

?

3
15%

?

3
15%

?

7
15%

?

8
15%

?

4
13%

?

5
13%

?

4
10%

?

5
10%

?

7
10%

?

8
10%

?

2
8%

?

6
8%

?

6
6%

?

4
4%

?

8
2%
No matching quizzes found
Score Distribution
Percent of People with Each Score
Percentile by Number Answered
Your Score History
You have not taken this quiz